Not war, not peace? : (Record no. 522741)

000 -LEADER
fixed length control field 01934cam a2200493 i 4500
001 - CONTROL NUMBER
control field 19663650
003 - CONTROL NUMBER IDENTIFIER
control field NUST
005 - DATE AND TIME OF LATEST TRANSACTION
control field 20190108050834.0
008 - FIXED-LENGTH DATA ELEMENTS--GENERAL INFORMATION
fixed length control field 170525s2016 ii b 001 0 eng d
010 ## - LIBRARY OF CONGRESS CONTROL NUMBER
LC control number 2017275129
020 ## - INTERNATIONAL STANDARD BOOK NUMBER
International Standard Book Number 9780199467495
Qualifying information (hardback)
020 ## - INTERNATIONAL STANDARD BOOK NUMBER
International Standard Book Number 0199467498
Qualifying information (hardback)
035 ## - SYSTEM CONTROL NUMBER
System control number (OCoLC)ocn953890513
038 ## - RECORD CONTENT LICENSOR
Staff Name Muhammad Ibrahim
040 ## - CATALOGING SOURCE
Original cataloging agency DKAGE
Language of cataloging eng
Transcribing agency DKAGE
Description conventions rda
Modifying agency OCLCO
-- BDX
-- YDX
-- OCLCF
-- BTCTA
-- OCLCQ
-- CDX
-- DLC
042 ## - AUTHENTICATION CODE
Authentication code lccopycat
043 ## - GEOGRAPHIC AREA CODE
Geographic area code a-ii---
-- a-pk---
050 00 - LIBRARY OF CONGRESS CALL NUMBER
Classification number DS450.P18
Item number P47 2016
082 04 - DEWEY DECIMAL CLASSIFICATION NUMBER
Classification number 327.5405491
Edition number 23
100 1# - MAIN ENTRY--PERSONAL NAME
Personal name Perkovich, George,
Dates associated with a name 1958-
Relator term author.
9 (RLIN) 12981
245 10 - TITLE STATEMENT
Title Not war, not peace? :
Remainder of title motivating Pakistan to prevent cross-border terrorism /
Statement of responsibility, etc. George Perkovich and Toby Dalton.
250 ## - EDITION STATEMENT
Edition statement First edition.
264 #1 - PRODUCTION, PUBLICATION, DISTRIBUTION, MANUFACTURE, AND COPYRIGHT NOTICE
Place of production, publication, distribution, manufacture New Delhi, India :
Name of producer, publisher, distributor, manufacturer Oxford University Press,
Date of production, publication, distribution, manufacture, or copyright notice 2016.
300 ## - PHYSICAL DESCRIPTION
Extent xii, 297 pages ;
Dimensions 23 cm
336 ## - CONTENT TYPE
Content type term text
Content type code txt
Source rdacontent
337 ## - MEDIA TYPE
Media type term unmediated
Media type code n
Source rdamedia
338 ## - CARRIER TYPE
Carrier type term volume
Carrier type code nc
Source rdacarrier
504 ## - BIBLIOGRAPHY, ETC. NOTE
Bibliography, etc. note Includes bibliographical references and index.
650 #0 - SUBJECT ADDED ENTRY--TOPICAL TERM
Topical term or geographic name entry element Terrorism
Geographic subdivision Pakistan
General subdivision Prevention.
9 (RLIN) 12982
650 #0 - SUBJECT ADDED ENTRY--TOPICAL TERM
Topical term or geographic name entry element Peace-building
Geographic subdivision India.
9 (RLIN) 12983
650 #0 - SUBJECT ADDED ENTRY--TOPICAL TERM
Topical term or geographic name entry element National security
Geographic subdivision India.
9 (RLIN) 12984
650 #7 - SUBJECT ADDED ENTRY--TOPICAL TERM
Topical term or geographic name entry element Diplomatic relations.
Source of heading or term fast
Authority record control number or standard number (OCoLC)fst01907412
9 (RLIN) 6585
650 #7 - SUBJECT ADDED ENTRY--TOPICAL TERM
Topical term or geographic name entry element National security.
Source of heading or term fast
Authority record control number or standard number (OCoLC)fst01033711
9 (RLIN) 12985
650 #7 - SUBJECT ADDED ENTRY--TOPICAL TERM
Topical term or geographic name entry element Peace-building.
Source of heading or term fast
Authority record control number or standard number (OCoLC)fst01055902
9 (RLIN) 2019
650 #7 - SUBJECT ADDED ENTRY--TOPICAL TERM
Topical term or geographic name entry element Terrorism
General subdivision Prevention.
Source of heading or term fast
Authority record control number or standard number (OCoLC)fst01148123
9 (RLIN) 3117
651 #0 - SUBJECT ADDED ENTRY--GEOGRAPHIC NAME
Geographic name India
General subdivision Foreign relations
Geographic subdivision Pakistan.
9 (RLIN) 1644
651 #0 - SUBJECT ADDED ENTRY--GEOGRAPHIC NAME
Geographic name Pakistan
General subdivision Foreign relations
Geographic subdivision India.
9 (RLIN) 1645
651 #7 - SUBJECT ADDED ENTRY--GEOGRAPHIC NAME
Geographic name India.
Source of heading or term fast
Authority record control number or standard number (OCoLC)fst01210276
9 (RLIN) 1063
651 #7 - SUBJECT ADDED ENTRY--GEOGRAPHIC NAME
Geographic name Pakistan.
Source of heading or term fast
Authority record control number or standard number (OCoLC)fst01210275
9 (RLIN) 2029
700 1# - ADDED ENTRY--PERSONAL NAME
Personal name Dalton, Toby,
Relator term author.
9 (RLIN) 12986
906 ## - LOCAL DATA ELEMENT F, LDF (RLIN)
a 7
b cbc
c copycat
d 2
e ncip
f 20
g y-gencatlg
942 ## - ADDED ENTRY ELEMENTS (KOHA)
Source of classification or shelving scheme
Koha item type Book
Holdings
Withdrawn status Lost status Source of classification or shelving scheme Damaged status Not for loan Collection code Permanent Location Current Location Shelving location Date acquired Total Checkouts Full call number Barcode Date last seen Price effective from Koha item type
            Centre for International Peace & Stability (CIPS) Centre for International Peace & Stability (CIPS) General Stacks 01/03/2019   327.5405491 PER 2016 CIPS0002902 01/08/2019 01/08/2019 Book
© 2023 Central Library, National University of Sciences and Technology. All Rights Reserved.